00385nam a22001457a 450000500170000001000130001702000260003003500130005603700090006910000170007824500440009526000260013927000530016530000210021820220914102459.0 aB-745515 a9788129151506c295.00 aB-745515 bRupa aKarkra, B.K. aThe Tale of Two Countries/cB.K. Karkra aNew DelhibRupac2018 a7/16, Ansari Road, Daryagang bNew Delhie110002 a183p.c20cm(pbk)